000 00490nam a2200181Ia 4500
008 230917s9999||||xx |||||||||||||| ||und||
020 _cGBP26.99
040 _e241897
_aMAIN
041 _aEnglish
082 _a361 D556S(2)
100 _aDickens, Jonathan
245 0 _aSocial work and social policy: An introduction
250 _a2nd ed.
260 _aLondon
_bRoutledge
_c2016
300 _axiii, 211 p.
500 _a2837 30/08/2017 HBD17/7045 01/09/2017 Main Budget
942 _cBK
999 _c23754
_d23754